000 01063nam a2200253 i 4500
001 21521
003 ES-MaACL
005 20250828023458.0
007 t|
008 021126s1666 sp ||||1| spa d
100 1 _aAlbornoz, Diego Felipe de.
_919412
245 1 0 _aCartilla politica y christiana ... /
_cD. Diego Felipe de Albornoz.
260 _aEn Madrid :
_bpor Melchor Sanchez :
_ba costa de Mateo de la Bastida ...,
_c1666.
300 _a[8], 90, [24] h. ;
_c24 cm.
530 _aDisponible en formato digital.
597 _aSign.: §4, §4, A-Z4, 2A-2E4, 2F2.
650 0 7 _aVida cristiana
_2embne
_917790
650 7 _aEducación de príncipes
_2embne
_912100
650 4 _aÉtica política-
_zEspaña.
_9151908
852 _aES-MaACL
_jR-844
_z- Enc. pergamino moderna
_x Olim: G-2878
856 _uhttp://bdh-rd.bne.es/viewer.vm?id=0000078450&page=1
_zBiblioteca Digital Hispánica
856 _uhttps://bvpb.mcu.es/es/consulta/registro.do?id=400877
_zBiblioteca Virtual del Patrimonio Bibliográfico
999 _c21521
_d21521